00903nam a2200241 a 4500001001000000003000500010005001700015008004100032010001100073011001100084040000900095100003300104245014200137260004100279500006000320502006800380650003300448650002600481650003200507650003600539856001600575856007000591000111365CHAP20220329144208.0150330s2015 mx |sm |||||||spa d a107827 a108799 cCHAP1 aAguirre López, Juan Manuel10aInnovación estratégica para la producción y comercialización de maíz en Chiapash[En línea]cpor Juan Manuel Aguirre López. aChapingo, Méx. :bEl autor,c2015. aPara ver el contenido del material haga clic en la liga aTesis (Maestro en Estrategia Agroenpresarial) -- UACH. CIESTAAM14aInnovaciones tecnológicas.14aInversioneszChiapas.14aMaízxComercialización.14aMaízxProducciónzMéxico. a1 n0000133 aFinding aiduhttp://10.13.5.2/tesis/sist111365.pdfzTeclea aquí